| 000 | 00659nam a2200193Ii 4500 | ||
|---|---|---|---|
| 003 | JO-AjNU | ||
| 008 | 230605s9999||||xx |||||||||||||| ||und|| | ||
| 040 |
_aJO-AjNU _bara _erda _cJO-AjNU |
||
| 041 | _aara | ||
| 050 | 1 | 4 | _aBP76.8.S5222.1990 |
| 100 | 3 |
_aشلبي،أحمد, _eauthor _97474 |
|
| 245 | 0 | 0 | _aالرسول في بيته صلوات الله وسلامه عليه |
| 264 | 3 | 1 | _aبيروت:دار النهضة العربية للطباعة والنشر والتوزيع ،1990 |
| 300 | _a157ص | ||
| 336 |
_atext _btxt _2rdacontent |
||
| 337 |
_aunmediated _bn _2rdamedia |
||
| 338 |
_avolume _bnc _2rdacarrier |
||
| 650 | 4 |
_aسيرة نبوية _97475 |
|
| 999 |
_aA297 _c3865 _d3865 |
||